| 000 | 00645nam a2200217Ia 4500 | ||
|---|---|---|---|
| 005 | 20250508164424.0 | ||
| 008 | 008 250505s9999 xx 000 0 eng d | ||
| 020 | _a81-89766-76-7 | ||
| 037 | _aTextual | ||
| 040 |
_aFEDL _beng _cFEDL |
||
| 041 |
_aeng _2eng |
||
| 084 |
_a636.5083, AVL _qFEDL |
||
| 100 |
_aAvlicino A A _9778087 |
||
| 245 | 0 | _aBeat the flu bird flu: How to stay healthy when hit by bird flu | |
| 260 |
_aNew Delhi, India _bVitasta Publishing Pvt. Ltd. _c2006 |
||
| 300 | _axii,230p. | ||
| 365 |
_aINR _b245 |
||
| 650 |
_aBird flu _9778088 |
||
| 942 |
_cTEXL _h636.5083, AVL |
||
| 999 |
_c1389054 _d1389054 |
||